Lo que murmura el viento. (Registro nro. 2399)
[ vista simple ]
| 000 -LEADER | |
|---|---|
| fixed length control field | 01306nam a2200229 a 4500 |
| 008 - CAMPO DE CONTROL (LIBRO) | |
| fixed length control field | 161215t2003 mx |||g |||| 001 1 spa d |
| 020 ## - INTERNATIONAL STANDARD BOOK NUMBER | |
| ISBN | 987000251X |
| 092 ## - SIGNATURA TOPOGRAFICA DEWEY LOCAL | |
| número de clasificación | 808.8 |
| libristica | 49 |
| sección | LOQ |
| 245 #7 - TITULO PROPIAMENTE DICHO | |
| Título | Lo que murmura el viento. |
| Subtítulo y Título paralelo | Un regalo para el corazón / |
| Mención de responsabilidad y remanente de la transcripción de la portada | Anthony de Mello |
| 250 ## - MENCION DE EDICION | |
| Mención de edición | 1a ed. |
| 260 ## - PIE DE IMPRENTA | |
| Lugar de publicación, distribución, etc | Buenos Aires ; Mexico: |
| Nombre de la editorial, distribuidor, etc | Lumen; |
| Fecha de publicación | 2003. |
| 300 ## - DESCRIPCION FISICA | |
| Extension | 173 p. |
| 500 ## - NOTA GENERAL | |
| Nota general | De Mello, A. et al. (2003). Lo que murmura el viento. Un regalo para el corazón. (1a ed.). Buenos Aires : Lumen. |
| 505 ## - NOTA DE CONTENIDO | |
| Nota de contenido formateada | Este libro es un regalo para el corazón, para tu corazón cansado, endurecido por el trajín cotidiano. Descubrirás que tu corazón aún es capaz de sorprenderse. Que la vida del espíritu es una gran fuente de agua fresca que está constantemente fluyendo en ti. Cuatro grandes autores de espiritualidad contemporánea opinan sobre cómo hallar la serenidad interior, cómo combatir el estrés, cómo revitalizar nuestra relación con Dios..., en fin, te ofrecen un gozoso regalo. Sólo tienes que recibirlo a manos llenas. |
| 590 ## - NOTAS LOCALES (RLIN) | |
| Nota local | Proyecto 4to libro. Donación Constanzo Juan Carlos |
| 655 ## - MATERIA - GENERO/FORMA | |
| Género/Forma | Relatos |
| -- | 3105 |
| 700 1# - ENTRADAS SECUNDARIAS - NOMBRE PERSONAL | |
| Nombre personal | De Mello, Anthony |
| 9 (RLIN) | 3219 |
| 700 1# - ENTRADAS SECUNDARIAS - NOMBRE PERSONAL | |
| Nombre personal | Larrañaga, Ignacio |
| 9 (RLIN) | 3220 |
| 700 1# - ENTRADAS SECUNDARIAS - NOMBRE PERSONAL | |
| Nombre personal | Merton, Thomas |
| 9 (RLIN) | 3221 |
| 700 1# - ENTRADAS SECUNDARIAS - NOMBRE PERSONAL | |
| Nombre personal | Nouwen, Henri |
| 9 (RLIN) | 3222 |
| 942 ## - ADDED ENTRY ELEMENTS (KOHA) | |
| Source of classification or shelving scheme | Dewey Decimal Classification |
| Item type | LITERATURA |
| Estado de retiro | Existencia | Fuente de clasificación | Estado general | No para prestamo | Colección | Ubicación permanente | ubicación actual | Sala de ubicación | Fecha de adquisición | Fuente de adquisición | Total Checkouts | Número de clasificación | Código de barras | Date last seen | Número de ejemplar | Price effective from | Koha tipo de elemento (item) | Public note |
|---|---|---|---|---|---|---|---|---|---|---|---|---|---|---|---|---|---|---|
| Dewey Decimal Classification | Fiction | Biblioteca Medicina | Biblioteca Medicina | Circulación | 07/03/2017 | Donacion Constanzo, Juan Carlos. Marzo 2017 | 808.8 49 LOQ | 3845 | 07/03/2017 | Ej.1 | 07/03/2017 | LITERATURA | Proyecto 4to libro. Donación Constanzo Juan C. |